Manual de capacitación pedagógica

Furkejuvvon:
Bibliográfalaš dieđut
Váldodahkkit: Ramírez Rojas, Carlos José (autor), Recabarren Herrera, Margot (Dahkki)
Eará dahkkit: Palma González, Alfredo (autor)
Materiálatiipa: Girji
Giella:espánnjágiella
Almmustuhtton: Valparaíso Dirección de Instrucción de la Armada de Chile 1988
Fáttát:
Fáddágilkorat: Lasit fáddágilkoriid
Eai fáddágilkorat, Lasit vuosttaš fáddágilkora!

MARC

LEADER 00000nam a2200000 a 4500
001 UCW5734
003 CL-VaPUC
008 910802e19880000CL |||||||||||||||||spa|d
082 0 4 |a 370.71  |b RAM  |2 21 
100 |a Ramírez Rojas, Carlos José  |e autor  |9 752319 
700 0 |a Recabarren Herrera, Margot  |e author  |9 310736 
700 |a Palma González, Alfredo  |e autor  |9 795826 
245 1 0 |a Manual de capacitación pedagógica 
300 |a 250 p 
942 |c BK 
945 |d 19910802 00:00:00 
260 |a Valparaíso  |b Dirección de Instrucción de la Armada de Chile  |c 1988 
650 0 |a Formación profesional de profesores  |9 307493 
583 |a last modification  |c 19910802 00:00:00  |k Rodrigo Vera 
999 |c 219074  |d 219072 
952 |0 0  |1 0  |4 0  |6 370_710000000000000_RAM_1988  |7 0  |8 A  |9 209569  |a BIBEDU  |b BIBEDU  |c ES_NOD  |d 2019-11-15  |i 2774445  |o 370.71 RAM 1988  |p 2774445  |r 2023-08-09  |w 2019-11-15  |y BK  |k EDU 
952 |0 0  |1 0  |4 0  |6 370_710000000000000_RAM_1988  |7 0  |8 A  |9 209570  |a BIBEDU  |b BIBEDU  |c ES_NOD  |d 2019-11-15  |i 3095517  |o 370.71 RAM 1988  |p 3095517  |r 2023-08-09  |w 2019-11-15  |y BK  |k EDU 
952 |0 0  |1 0  |4 0  |6 370_710000000000000_RAM_1988  |7 0  |8 A  |9 209572  |a BIBEDU  |b BIBEDU  |c ES_NOD  |d 2019-11-15  |i 3418324  |o 370.71 RAM 1988  |p 3418324  |r 2023-08-09  |w 2019-11-15  |y BK  |k BME 
952 |0 0  |1 0  |4 0  |6 370_710000000000000_RAM_1988  |7 0  |8 A  |9 209573  |a BIBEDU  |b BIBEDU  |c ES_NOD  |d 2019-11-15  |i 3418464  |o 370.71 RAM 1988  |p 3418464  |r 2023-08-09  |w 2019-11-15  |y BK  |k BME